[Event "Championnat de France des Jeunes - Minim"]
[Site "Aix les Bains"]
[Date "2009.04.25"]
[Round "8.9"]
[White "Marie, Loic"]
[Black "Fevre, Mathieu"]
[Result "0-1"]
[WhiteElo "1971"]
[BlackElo "2065"]
[PlyCount "52"]
[EventDate "2009.??.??"]

1. Nf3 Nf6 2. c4 g6 3. Nc3 Bg7 4. e4 d6 5. d4 O-O 6. Be2 a5 7. O-O Na6 8. Qc2
c6 9. Rd1 Qe8 10. a3 e5 11. Rb1 Qe7 12. b4 axb4 13. axb4 exd4 14. Nxd4 Re8 15.
f3 d5 16. cxd5 cxd5 17. Bxa6 Rxa6 18. Bg5 Qc7 19. Bxf6 Bxf6 20. exd5 Bxd4+ 21.
Rxd4 Bf5 22. Re4 Bxe4 23. fxe4 Rc8 24. Rb3 Qf4 25. Qb2 Qe3+ 26. Qf2 Ra1+ 0-1

[Event "Championnat de France des Jeunes - Minim"]
[Site "Aix les Bains"]
[Date "2009.04.25"]
[Round "8.10"]
[White "Di Nicolantonio, Lucas"]
[Black "Ambroise, Thibault"]
[Result "1-0"]
[WhiteElo "2064"]
[BlackElo "1611"]
[PlyCount "85"]
[EventDate "2009.??.??"]

1. e4 c5 2. Nf3 Nc6 3. d4 cxd4 4. Nxd4 g6 5. Nc3 Bg7 6. Be3 Nf6 7. Nxc6 bxc6 8.
e5 Ng8 9. Bd4 Nh6 10. e6 O-O 11. Bxg7 Kxg7 12. Qd4+ Kg8 13. exd7 Qxd7 14. Qxd7
Bxd7 15. O-O-O Be6 16. Be2 Rad8 17. Bf3 Ng4 18. Rxd8 Rxd8 19. Re1 Nxh2 20. Bxc6
Ng4 21. f3 Nf6 22. b4 Kf8 23. b5 h5 24. a4 Rd6 25. Rd1 Rxd1+ 26. Kxd1 Bd7 27.
Bxd7 Nxd7 28. a5 Ke8 29. b6 a6 30. Nd5 Kd8 31. Kd2 e6 32. Nb4 Nc5 33. Kc3 Kd7
34. Kc4 Kd6 35. Nxa6 Nxa6 36. Kb5 Nc7+ 37. bxc7 Kxc7 38. c4 f5 39. c5 e5 40. c6
e4 41. fxe4 fxe4 42. a6 e3 43. a7 1-0

[Event "Championnat de France des Jeunes - Minim"]
[Site "Aix les Bains"]
[Date "2009.04.25"]
[Round "8.11"]
[White "Domenech, Vianney"]
[Black "Ane, Cedric"]
[Result "1-0"]
[WhiteElo "1987"]
[BlackElo "2060"]
[PlyCount "89"]
[EventDate "2009.??.??"]

1. d4 Nf6 2. Bf4 d6 3. e3 g6 4. Nf3 Bg7 5. Be2 O-O 6. O-O Nbd7 7. c4 b6 8. Nc3
Bb7 9. Qc2 c5 10. d5 a6 11. Rad1 Rb8 12. h3 Ba8 13. e4 Ne8 14. Rfe1 Ne5 15.
Nxe5 dxe5 16. Bh2 Nd6 17. f4 exf4 18. Bxf4 Bd4+ 19. Kh1 e5 20. Bh6 Re8 21. Bg4
Nxc4 22. Be2 Nd6 23. Bxa6 b5 24. a4 bxa4 25. Nxa4 Qa5 26. Bf1 Nxe4 27. Qxe4
Qxa4 28. Qh4 f5 29. d6 Bd5 30. Bg5 Qd7 31. Be7 Qe6 32. Ra1 c4 33. Rad1 Qf7 34.
Rd2 Kg7 35. Red1 h6 36. Rxd4 exd4 37. Qxd4+ Kh7 38. Qxd5 Rxe7 39. dxe7 Qxe7 40.
Qd7 Qxd7 41. Rxd7+ Kh8 42. Rd2 Rb4 43. Rc2 Kg7 44. Bxc4 Kf6 45. b3 1-0

[Event "Championnat de France des Jeunes - Minim"]
[Site "Aix les Bains"]
[Date "2009.04.25"]
[Round "8.12"]
[White "Gallant, Aurelien"]
[Black "Samoun, Florent"]
[Result "0-1"]
[WhiteElo "1916"]
[BlackElo "2045"]
[PlyCount "158"]
[EventDate "2009.??.??"]

1. e4 Nf6 2. e5 Nd5 3. d4 d6 4. Nf3 Nb6 5. c4 g6 6. Nc3 Bg7 7. Be2 O-O 8. O-O
Bg4 9. Qb3 Nc6 10. Rd1 Qc8 11. exd6 Bxf3 12. Bxf3 Nxd4 13. Rxd4 Bxd4 14. Nb5
Be5 15. Nxc7 Rb8 16. Bh6 Bxd6 17. Qc3 e5 18. Nb5 Qxc4 19. Nxd6 Qxc3 20. bxc3
Rfd8 21. Nxb7 Rd3 22. Na5 Rxc3 23. Nc6 Re8 24. Rd1 f5 25. Nxa7 e4 26. Be2 Rc2
27. Bb5 Ra8 28. Be3 Rxa7 29. Bxb6 Raxa2 30. Be3 Rab2 31. Ba6 f4 32. Bd4 Ra2 33.
Bf1 Kf7 34. Re1 Ke6 35. Rxe4+ Kd5 36. f3 Rc1 37. Rxf4 Rd1 38. Bg7 Rc2 39. Rf8
Ke6 40. Bh6 Rb2 41. Ra8 Rbb1 42. Kf2 Rxf1+ 43. Kg3 Rb2 44. Ra6+ Kf7 45. Ra7+
Ke6 46. Be3 Re2 47. Bg5 Rff2 48. Re7+ Kf5 49. Rxe2 Rxe2 50. h4 Ke6 51. Kh3 Ra2
52. Kg3 Kd5 53. Kh3 Kd4 54. g4 Ra3 55. Kg3 Kd3 56. Kf2 Ra2+ 57. Kg3 Ke2 58. f4
Ra3+ 59. Kg2 Ke3 60. f5+ Ke4 61. Be7 Ra2+ 62. Kg3 gxf5 63. gxf5 Kxf5 64. Bg5
Ra3+ 65. Kf2 Kg4 66. Be7 Ra2+ 67. Ke3 Kg3 68. h5 Ra5 69. Bd6+ Kg4 70. h6 Rf5
71. Bc7 Kg5 72. Ke4 Rf1 73. Bb6 Kxh6 74. Ke3 Kh5 75. Ke2 Rf7 76. Bf2 Kg4 77.
Kf1 Kf3 78. Bc5 Rc7 79. Ba3 Rc3 0-1

[Event "Championnat de France des Jeunes - Minim"]
[Site "Aix les Bains"]
[Date "2009.04.25"]
[Round "8.13"]
[White "Ianniciello, David"]
[Black "Billon, Olivier"]
[Result "0-1"]
[WhiteElo "1900"]
[BlackElo "1995"]
[PlyCount "58"]
[EventDate "2009.??.??"]

1. e4 c5 2. Nf3 Nc6 3. Nc3 Nf6 4. e5 Ng4 5. Qe2 Qc7 6. Nb5 Qb8 7. d4 cxd4 8.
Bf4 e6 9. O-O-O Be7 10. Nfxd4 Ncxe5 11. h3 Nd3+ 12. Rxd3 Qxf4+ 13. Kb1 Nf6 14.
Rf3 Qb8 15. g4 a6 16. Nc3 b5 17. Re3 Bb7 18. Rg1 O-O 19. f3 Bc5 20. g5 Nd5 21.
g6 hxg6 22. Nxd5 Bxd5 23. Rg4 f5 24. Rxg6 Bxd4 25. Rd3 Bc4 26. Qg2 Bxd3 27.
Bxd3 Qe5 28. a4 Bxb2 29. h4 Ba3 0-1

[Event "Championnat de France des Jeunes - Minim"]
[Site "Aix les Bains"]
[Date "2009.04.25"]
[Round "8.14"]
[White "Prodhomme, Adrien"]
[Black "Ollier, Milan"]
[Result "1/2-1/2"]
[WhiteElo "1883"]
[BlackElo "1991"]
[PlyCount "114"]
[EventDate "2009.??.??"]

1. e4 c5 2. Nc3 Nc6 3. g3 g6 4. Bg2 Bg7 5. d3 d6 6. f4 Rb8 7. Nf3 b5 8. O-O b4
9. Ne2 Nf6 10. h3 O-O 11. Be3 a5 12. c3 bxc3 13. bxc3 Ba6 14. Nh4 Qc7 15. Qc2
Nd7 16. Rab1 Rxb1 17. Rxb1 Rb8 18. Rxb8+ Qxb8 19. Nf3 Qb5 20. Ne1 Nb6 21. e5
Na7 22. exd6 exd6 23. c4 Qb2 24. Qxb2 Bxb2 25. Kf2 Bc8 26. Nc2 Bd7 27. Bc1 Bxc1
28. Nxc1 h5 29. Ne3 Kg7 30. g4 hxg4 31. hxg4 Bc6 32. Ne2 Bxg2 33. Nxg2 Nc6 34.
a3 g5 35. Ne3 Kf6 36. Kg3 gxf4+ 37. Kxf4 Ne5 38. Nc1 Ke6 39. Ke4 Nbd7 40. Kf4
Nf6 41. Kg3 a4 42. Kf4 Nc6 43. Nc2 d5 44. Ne3 d4 45. Nf1 Ne5 46. Nh2 Ne8 47.
Nf3 Nxf3 48. Kxf3 Ke5 49. Ne2 Nc7 50. Ng3 Na6 51. Ne4 f5 52. gxf5 Kxf5 53. Kg3
Ke5 54. Kf3 Ke6 55. Ke2 Kd7 56. Nf6+ Kc6 57. Kd2 Kd6 1/2-1/2

[Event "Championnat de France des Jeunes - Minim"]
[Site "Aix les Bains"]
[Date "2009.04.25"]
[Round "8.15"]
[White "Jeannesson, Clement"]
[Black "Geronimi, Pierre-Francois"]
[Result "1-0"]
[WhiteElo "1842"]
[BlackElo "1940"]
[PlyCount "43"]
[EventDate "2009.??.??"]

1. e4 c5 2. Nc3 d6 3. g3 g6 4. Bg2 Bg7 5. d3 Nc6 6. Be3 Rb8 7. Qd2 b5 8. Nge2
Nd4 9. O-O e6 10. Nd1 Ne7 11. c3 Nxe2+ 12. Qxe2 Nc6 13. Qd2 Qa5 14. Bh6 O-O 15.
Bxg7 Kxg7 16. Ne3 Bb7 17. Ng4 f5 18. Qh6+ Kh8 19. exf5 exf5 20. Ne3 Ne7 21.
Bxb7 Rxb7 22. Qxf8+ 1-0

[Event "Championnat de France des Jeunes - Minim"]
[Site "Aix les Bains"]
[Date "2009.04.25"]
[Round "8.1"]
[White "Lefevre, Margaux"]
[Black "Neuhauser, Salome"]
[Result "0-1"]
[WhiteElo "2021"]
[BlackElo "1977"]
[PlyCount "116"]
[EventDate "2009.??.??"]

1. e4 c5 2. Nf3 Nc6 3. d4 cxd4 4. Nxd4 g6 5. c4 Nf6 6. Nc3 d6 7. Be2 Nxd4 8.
Qxd4 Bg7 9. Be3 O-O 10. Qd2 Be6 11. Rc1 Qa5 12. O-O Rfc8 13. b3 a6 14. f3 b5
15. Nd5 Qxd2 16. Bxd2 Bxd5 17. cxd5 Nd7 18. Rxc8+ Rxc8 19. Rc1 Rxc1+ 20. Bxc1
Bd4+ 21. Kf1 Nc5 22. Bd2 Kf8 23. Ke1 Ke8 24. Kd1 Kd7 25. Kc2 Kc8 26. a4 bxa4
27. b4 a3 28. Bc4 a2 29. Bxa2 Nd7 30. Bc4 Kb7 31. f4 h6 32. Bb3 f6 33. Ba4 Kc7
34. Kd3 Bg1 35. h3 g5 36. Bxd7 Kxd7 37. Ke2 Bd4 38. fxg5 hxg5 39. Kf3 e6 40. g3
Be5 41. h4 gxh4 42. gxh4 exd5 43. exd5 f5 44. Ke2 Ke7 45. Kd3 Kf6 46. Be1 Kg6
47. Ke3 Kf6 48. Kf3 Bb2 49. Bg3 Ke7 50. Be1 Kf6 51. Bg3 Ke7 52. Bf4 Bc3 53.
Bg5+ Kf7 54. h5 Bxb4 55. Kf4 Bd2+ 56. Kxf5 Bxg5 57. Kxg5 a5 58. h6 a4 0-1

[Event "Championnat de France des Jeunes - Minim"]
[Site "Aix les Bains"]
[Date "2009.04.25"]
[Round "8.2"]
[White "Soubirou, Oriane"]
[Black "Le Bail, Arielle"]
[Result "1-0"]
[WhiteElo "1855"]
[BlackElo "1859"]
[PlyCount "71"]
[EventDate "2009.??.??"]

1. d4 d5 2. c4 c6 3. Nf3 Nf6 4. Qc2 g6 5. g3 Bg7 6. Bg2 O-O 7. O-O Bf5 8. Qd1
dxc4 9. Nc3 Nd5 10. Nh4 Bg4 11. h3 Be6 12. a3 Qb6 13. e4 Nc7 14. Ne2 Rd8 15.
Nf3 Nba6 16. Qc2 Nb5 17. Be3 Qc7 18. Rfd1 Rd7 19. Nf4 Nd6 20. Nxe6 fxe6 21. Ng5
b5 22. Nxe6 Qc8 23. h4 Nc7 24. Bh3 Nde8 25. Nxg7 Nxg7 26. Bxd7 Qxd7 27. b3 cxb3
28. Qxb3+ e6 29. Rac1 Nce8 30. d5 cxd5 31. exd5 exd5 32. Rxd5 Qf7 33. Rxb5 Nd6
34. Qxf7+ Nxf7 35. Rb7 Ne6 36. Rxa7 1-0

[Event "Championnat de France des Jeunes - Minim"]
[Site "Aix les Bains"]
[Date "2009.04.25"]
[Round "8.3"]
[White "Haussernot, Cecile"]
[Black "Alonso, Audrey"]
[Result "1-0"]
[WhiteElo "1924"]
[BlackElo "1774"]
[PlyCount "37"]
[EventDate "2009.??.??"]

1. e4 e5 2. Nc3 Nf6 3. f4 Nc6 4. Nf3 d6 5. Bc4 Bg4 6. O-O Nd4 7. Be2 Nxe2+ 8.
Qxe2 Be7 9. fxe5 Bxf3 10. Rxf3 dxe5 11. Qb5+ Nd7 12. d3 Bc5+ 13. Kh1 b6 14. Qc6
a6 15. Nd5 Rc8 16. Rg3 Kf8 17. Rxg7 Kxg7 18. Bh6+ Kg8 19. Qxd7 1-0

[Event "Championnat de France des Jeunes - Minim"]
[Site "Aix les Bains"]
[Date "2009.04.25"]
[Round "8.4"]
[White "De Seroux, Camille"]
[Black "Pinault, Mailys"]
[Result "1-0"]
[WhiteElo "1909"]
[BlackElo "1686"]
[PlyCount "63"]
[EventDate "2009.??.??"]

1. e4 e5 2. Nf3 Nc6 3. Bc4 Bc5 4. c3 Nf6 5. d3 d6 6. h3 h6 7. Nbd2 O-O 8. g4
Nh7 9. Nf1 Be6 10. Bb3 d5 11. Qe2 dxe4 12. dxe4 Qe7 13. Ng3 Bxb3 14. axb3 Rad8
15. Nf5 Qe6 16. b4 Bb6 17. Rg1 Ne7 18. N3h4 Ng6 19. Qf3 Rd7 20. g5 Nxh4 21.
Nxh4 Nxg5 22. Bxg5 hxg5 23. Rxg5 Rfd8 24. Nf5 f6 25. Rg6 Qb3 26. Qg4 Bxf2+ 27.
Kxf2 Qxb2+ 28. Kg3 Qxc3+ 29. Kh4 Qxa1 30. Rxg7+ Kf8 31. Rg8+ Kf7 32. Qg6+ 1-0

[Event "Championnat de France des Jeunes - Minim"]
[Site "Aix les Bains"]
[Date "2009.04.25"]
[Round "8.5"]
[White "Saucey, Capucine"]
[Black "Llacer, Cassandra"]
[Result "1-0"]
[WhiteElo "1764"]
[BlackElo "1910"]
[PlyCount "43"]
[EventDate "2009.??.??"]

1. e4 d5 2. exd5 Qxd5 3. Nc3 Qa5 4. d4 Nf6 5. Nf3 Bg4 6. h3 Bh5 7. g4 Bg6 8.
Ne5 Nbd7 9. Nxg6 hxg6 10. Bd2 c6 11. Bg2 e6 12. Qe2 Bb4 13. O-O O-O 14. a3 Bd6
15. Ne4 Qc7 16. Nxd6 Qxd6 17. Bb4 Qxd4 18. Bxf8 Kxf8 19. c4 Ne5 20. Rad1 Qf4
21. Qd2 Qxc4 22. Qd6+ 1-0

[Event "Championnat de France des Jeunes - Minim"]
[Site "Aix les Bains"]
[Date "2009.04.25"]
[Round "8.6"]
[White "Kohi, Camilla"]
[Black "Seelen, Amandine"]
[Result "1-0"]
[WhiteElo "1843"]
[BlackElo "1694"]
[PlyCount "55"]
[EventDate "2009.??.??"]

1. d4 d5 2. Nf3 Nf6 3. c4 e6 4. Nc3 Nbd7 5. Bg5 c6 6. e3 Bb4 7. a3 Bxc3+ 8.
bxc3 dxc4 9. Bxf6 Nxf6 10. Bxc4 Qa5 11. Qb3 Nd5 12. Rc1 O-O 13. O-O b5 14. Bd3
Nb6 15. Ne5 Bb7 16. Be4 Rfc8 17. c4 Nxc4 18. Nxc4 bxc4 19. Qxb7 Qxa3 20. Rxc4
Rab8 21. Rxc6 Rd8 22. Qa6 Qe7 23. Ra1 Rd7 24. Rc8+ Rxc8 25. Qxc8+ Rd8 26. Qb7
Rd7 27. Qb8+ Rd8 28. Qxa7 1-0

[Event "Championnat de France des Jeunes - Minim"]
[Site "Aix les Bains"]
[Date "2009.04.25"]
[Round "8.7"]
[White "Josse, Mathilde"]
[Black "Copin, Oceane"]
[Result "0-1"]
[WhiteElo "1681"]
[BlackElo "1790"]
[PlyCount "52"]
[EventDate "2009.??.??"]

1. e4 c6 2. d4 d5 3. Nc3 dxe4 4. Nxe4 Nf6 5. Nxf6+ gxf6 6. Bf4 Bf5 7. Nf3 e6 8.
Bd3 Bg4 9. c3 Bd6 10. Bxd6 Qxd6 11. Qe2 Nd7 12. O-O-O O-O-O 13. h3 Bh5 14. Rhe1
f5 15. Bc4 Rhg8 16. Rg1 Nb6 17. Bb3 Nd5 18. Qe5 Nf4 19. Bc4 Nxg2 20. Rd3 b5 21.
Bb3 Qxe5 22. Nxe5 Nf4 23. Rxg8 Nxd3+ 24. Kd2 Rxg8 25. Kxd3 Kc7 26. a4 f6 0-1

[Event "Championnat de France des Jeunes - Minim"]
[Site "Aix les Bains"]
[Date "2009.04.25"]
[Round "8.8"]
[White "Guo, Charlotte"]
[Black "Thuret, Marine"]
[Result "0-1"]
[WhiteElo "1713"]
[BlackElo "1764"]
[PlyCount "78"]
[EventDate "2009.??.??"]

1. e4 c5 2. Nf3 d6 3. d4 cxd4 4. Nxd4 Nf6 5. Nc3 a6 6. Bg5 e6 7. f4 Be7 8. Qf3
Nbd7 9. O-O-O Qc7 10. Bd3 b5 11. a3 Bb7 12. Kb1 Rc8 13. f5 Ne5 14. Qe2 Nxd3 15.
Qxd3 e5 16. Nf3 Ng4 17. Bxe7 Kxe7 18. Qd2 h6 19. h3 Nf6 20. Qe2 Qa5 21. Qd3
Rhd8 22. Qe3 b4 23. axb4 Qxb4 24. Nd5+ Bxd5 25. exd5 Qc4 26. Qd3 Qa4 27. Nd2
Rc5 28. Qb3 Qd7 29. Nf3 a5 30. Rhe1 Kf8 31. g4 a4 32. Qa3 Rdc8 33. Rd2 Qb5 34.
g5 hxg5 35. Nxg5 Nxd5 36. Ree2 Nc3+ 37. Ka1 Nxe2 38. Rxd6 Nd4 39. c3 Nc2+ 0-1

[Event "Championnat de France des Jeunes - Minim"]
[Site "Aix les Bains"]
[Date "2009.04.25"]
[Round "8.9"]
[White "Auvray, Juliette"]
[Black "Abidi, Ines"]
[Result "1-0"]
[WhiteElo "1921"]
[BlackElo "1643"]
[PlyCount "153"]
[EventDate "2009.??.??"]

1. e4 e6 2. d4 d5 3. Nc3 Bb4 4. e5 c5 5. a3 Bxc3+ 6. bxc3 Ne7 7. Qg4 O-O 8. Bd3
f5 9. exf6 Rxf6 10. Bg5 Rf7 11. Qh5 g6 12. Qd1 c4 13. Be2 Nd7 14. Nf3 Nf6 15.
Ne5 Rf8 16. Bh6 Re8 17. Bf3 Nf5 18. Bg5 Rf8 19. Ng4 Kg7 20. Nxf6 Rxf6 21. h4 h6
22. Bxf6+ Qxf6 23. h5 g5 24. Qe2 Bd7 25. Qe5 Qxe5+ 26. dxe5 Nh4 27. Rh3 Rf8 28.
Ke2 Ba4 29. Rb1 b6 30. Rb2 Rf4 31. Kf1 Nf5 32. g4 Ne7 33. Bd1 Nc6 34. Re3 Kf7
35. Rf3 Rxf3 36. Bxf3 Nxe5 37. Bd1 Nd7 38. Rb4 Nc5 39. Ke2 Kf6 40. Ke3 Bd7 41.
Bf3 Nb7 42. Rb1 Nd6 43. Kd2 Ba4 44. Rb4 Bd7 45. a4 b5 46. axb5 Bxb5 47. Ke3 Ke5
48. Rb1 a6 49. Re1 Nf7 50. Bd1 Kd6 51. f4 gxf4+ 52. Kxf4 Ng5 53. Bf3 Ba4 54.
Ra1 Bb5 55. Ke3 Ke5 56. Rf1 Kd6 57. Bg2 Ke7 58. Kd4 Ba4 59. Ra1 Bb5 60. Re1 Kd6
61. Rf1 e5+ 62. Ke3 Ke6 63. Rf8 Ke7 64. Rb8 Bd7 65. Rb7 a5 66. Bxd5 Kd6 67. Bf3
a4 68. Rb6+ Kc5 69. Rxh6 Bc8 70. Rc6+ Kb5 71. Rxc8 a3 72. Ra8 Kc5 73. Rxa3 Kd6
74. Ra4 Kc5 75. h6 Kb5 76. Ra7 Kc5 77. h7 1-0

[Event "Championnat de France des Jeunes - Minim"]
[Site "Aix les Bains"]
[Date "2009.04.25"]
[Round "8.10"]
[White "Armas, Lena"]
[Black "Gassama, Aissatou"]
[Result "1-0"]
[WhiteElo "1814"]
[BlackElo "1520"]
[PlyCount "67"]
[EventDate "2009.??.??"]

1. e4 e5 2. Nf3 Nc6 3. c3 Bc5 4. d4 exd4 5. cxd4 Bb4+ 6. Nc3 d6 7. d5 Nce7 8.
Qa4+ Bd7 9. Qxb4 Rb8 10. Be3 b6 11. Rc1 Nf6 12. Ba6 c6 13. dxc6 Nxc6 14. Qxd6
Ne7 15. Bf4 O-O 16. Qxb8 Qxb8 17. Bxb8 Rxb8 18. e5 Ng4 19. h3 Nh6 20. O-O b5
21. Rfd1 Bc6 22. Nd4 b4 23. Nxc6 Nxc6 24. Ne4 Ne7 25. Rd7 Kf8 26. Rcc7 Ng6 27.
Rc8+ Rxc8 28. Bxc8 Nxe5 29. Rxa7 Ke8 30. Nd6+ Kf8 31. Nf5 Ng8 32. Ra8 Nf6 33.
Bd7+ Ne8 34. Rxe8# 1-0

[Event "Championnat de France des Jeunes - Minim"]
[Site "Aix les Bains"]
[Date "2009.04.25"]
[Round "8.11"]
[White "Benac, Anais"]
[Black "Uhl, Sarah"]
[Result "1-0"]
[WhiteElo "1680"]
[BlackElo "1729"]
[PlyCount "116"]
[EventDate "2009.??.??"]

1. e4 c5 2. Nf3 e6 3. d4 cxd4 4. Nxd4 Nf6 5. Nc3 d6 6. f4 Be7 7. Bd3 Nc6 8. Be3
a6 9. h3 Qc7 10. a3 Nxd4 11. Bxd4 b5 12. Qe2 Bb7 13. Rg1 Rc8 14. g4 e5 15. Be3
d5 16. fxe5 Nxe4 17. Bxe4 dxe4 18. Bf4 Bc5 19. Rf1 Qc6 20. Be3 O-O 21. Bxc5
Qxc5 22. Nxe4 Qxe5 23. Nc3 Qg3+ 24. Qf2 Qxh3 25. O-O-O Qh6+ 26. Kb1 Qg6 27. Qf5
Qxf5 28. gxf5 Rfd8 29. Rde1 Kf8 30. f6 gxf6 31. Rxf6 Rc6 32. Rf4 Rg6 33. Ref1
Rd7 34. Kc1 Re6 35. Rh4 h6 36. Kb1 Rde7 37. Rf2 Rd7 38. Rfh2 Rdd6 39. Rb4 Bd5
40. Nxd5 Rxd5 41. a4 Rg6 42. axb5 axb5 43. Rbh4 Ra6 44. b3 Rdd6 45. Rb4 Rd5 46.
Rbh4 Rdd6 47. Rh5 Rab6 48. Kb2 Ke7 49. Re2+ Kf8 50. Rg2 Rg6 51. Rxg6 fxg6 52.
Rxh6 Kg7 53. Rh2 g5 54. Kc3 Kf6 55. Rh6+ Kf5 56. Rxb6 g4 57. Rxb5+ Kf4 58. Rb8
g3 1-0

[Event "Championnat de France des Jeunes - Minim"]
[Site "Aix les Bains"]
[Date "2009.04.25"]
[Round "8.12"]
[White "Dufour, Celine"]
[Black "Lenoel, Marine"]
[Result "0-1"]
[WhiteElo "1520"]
[BlackElo "1687"]
[PlyCount "58"]
[EventDate "2009.??.??"]

1. e4 e5 2. Nf3 Nc6 3. d4 exd4 4. Nxd4 Bc5 5. Be3 Bb6 6. Be2 d6 7. O-O Nf6 8.
Nc3 Bd7 9. Nxc6 Bxc6 10. Bxb6 axb6 11. Bd3 Qe7 12. Re1 O-O 13. f3 Qe5 14. Qc1
Rfe8 15. Ne2 Nh5 16. Kh1 Qc5 17. Nf4 Nxf4 18. Qxf4 Qb4 19. Qc1 Re6 20. a3 Qa5
21. Qe3 Qe5 22. Rab1 Rh6 23. h3 Bd7 24. Bf1 Re8 25. Qd2 Qg3 26. Rbd1 Ree6 27.
Re2 Reg6 28. Rde1 Rxh3+ 29. gxh3 Qg1# 0-1

[Event "Championnat de France des Jeunes - Minim"]
[Site "Aix les Bains"]
[Date "2009.04.25"]
[Round "8.13"]
[White "Auffret, Gaelle"]
[Black "Turquetille, Annabelle"]
[Result "1/2-1/2"]
[WhiteElo "1667"]
[BlackElo "1590"]
[PlyCount "61"]
[EventDate "2009.??.??"]

1. d4 d5 2. c4 Bf5 3. Nc3 e6 4. cxd5 exd5 5. Qb3 Nc6 6. Be3 Nb4 7. Rc1 Qd7 8.
a3 Nc6 9. Qxd5 Qxd5 10. Nxd5 O-O-O 11. Nc3 Nxd4 12. Bxd4 Rxd4 13. Nb5 Rd7 14.
Nxa7+ Kb8 15. Nb5 c6 16. Nc3 Nf6 17. Nf3 Bc5 18. e3 Re8 19. Bc4 Ng4 20. Nd1 Bd6
21. h3 Ne5 22. Nxe5 Bxe5 23. O-O Red8 24. g4 Be4 25. f3 Bxf3 26. Rxf3 Rxd1+ 27.
Rxd1 Rxd1+ 28. Bf1 f6 29. b3 Rb1 30. e4 Ka7 31. Kf2 1/2-1/2

[Event "Championnat de France des Jeunes - Minim"]
[Site "Aix les Bains"]
[Date "2009.04.25"]
[Round "8.14"]
[White "Lane, Harriet"]
[Black "Perrier, Lea"]
[Result "0-1"]
[WhiteElo "1520"]
[BlackElo "1596"]
[PlyCount "116"]
[EventDate "2009.??.??"]

1. e4 d5 2. exd5 Qxd5 3. Nc3 Qa5 4. d4 Nf6 5. Bc4 c6 6. Bd2 Bf5 7. Qe2 e6 8.
O-O-O Qc7 9. h3 Nbd7 10. g4 Bg6 11. f4 O-O-O 12. a3 Bd6 13. h4 h5 14. g5 Nd5
15. Nxd5 exd5 16. Bb3 Bxf4 17. Bxf4 Qxf4+ 18. Qd2 Qxd2+ 19. Rxd2 Rde8 20. Nf3
Be4 21. Rf1 f5 22. c3 g6 23. Bc2 Bxf3 24. Rxf3 Re1+ 25. Rd1 Rxd1+ 26. Kxd1 Re8
27. Bd3 Nb6 28. b3 Kd7 29. a4 a5 30. Kd2 Kc7 31. Re3 Rxe3 32. Kxe3 Kd7 33. Kf4
Ke6 34. Be2 Nd7 35. Bd3 b6 36. Ba6 Kd6 37. Bc8 Nf8 38. Ba6 Ne6+ 39. Ke3 c5 40.
dxc5+ bxc5 41. Bb5 Nc7 42. Bd3 Ke5 43. c4 d4+ 44. Kf3 Ne6 45. Bc2 Nf4 46. Bb1
Ne6 47. Bc2 Nd8 48. Bb1 Nc6 49. Bc2 Nb4 50. Bb1 d3 51. Ke3 f4+ 52. Kd2 Ke4 53.
Kd1 Ke3 54. Ke1 f3 55. Kd1 f2 56. Kc1 f1=Q+ 57. Kb2 Qf2+ 58. Kc1 Qd2# 0-1

[Event "Championnat de France des Jeunes - Minim"]
[Site "Aix les Bains"]
[Date "2009.04.25"]
[Round "8.15"]
[White "Daadaa, Soha"]
[Black "Bertin, Cecile"]
[Result "0-1"]
[WhiteElo "1590"]
[BlackElo "1510"]
[PlyCount "81"]
[EventDate "2009.??.??"]

1. d4 d5 2. Nf3 e6 3. c4 Nf6 4. Nc3 Nbd7 5. Bg5 c6 6. e3 Qa5 7. cxd5 exd5 8.
Nd2 Bb4 9. Qc2 Ne4 10. Ndxe4 dxe4 11. Bh4 O-O 12. Bc4 c5 13. O-O cxd4 14. exd4
Bxc3 15. bxc3 Nb6 16. Be2 Bf5 17. Be7 Rfe8 18. Bb4 Qd5 19. Qb3 Qd8 20. Ba5 Be6
21. Bxb6 axb6 22. Bc4 Qc7 23. Bxe6 Rxe6 24. Rfe1 Rh6 25. h3 Re8 26. Re3 Rf6 27.
Rae1 Rfe6 28. f3 f5 29. fxe4 f4 30. Rf3 Kh8 31. e5 Qf7 32. Ref1 g5 33. g3 Qh5
34. gxf4 gxf4 35. Kh2 h6 36. c4 Rf8 37. Qc3 Rg6 38. Rg1 Rxg1 39. Kxg1 Qg6+ 40.
Kh2 Rg8 41. Qe1 0-1

[Event "Championnat de France des Jeunes - Benja"]
[Site "AIX LES BAINS "]
[Date "2009.04.25"]
[Round "8.1"]
[White "Barbot, Pierre"]
[Black "Gueriche, Guillaume"]
[Result "0-1"]
[WhiteElo "2050"]
[BlackElo "1972"]
[PlyCount "104"]
[EventDate "2009.??.??"]

1. e4 c5 2. Nf3 d6 3. d4 cxd4 4. Nxd4 Nf6 5. Nc3 g6 6. Be3 Bg7 7. f3 Nc6 8. Qd2
Bd7 9. O-O-O Rc8 10. g4 h5 11. g5 Nh7 12. Kb1 O-O 13. f4 a6 14. h3 b5 15. Nb3
b4 16. Nd5 Rb8 17. Bg2 a5 18. Bf2 a4 19. Nd4 Na5 20. b3 e6 21. Ne3 Rb6 22. h4
Qc7 23. f5 Be5 24. Bh3 d5 25. exd5 exf5 26. Qd3 Rc8 27. Rhe1 Bg7 28. Rc1 Qf4
29. Nd1 axb3 30. axb3 Rb7 31. Qe3 Qb8 32. Nb2 Qa8 33. Bg2 f4 34. Qd3 Ra7 35.
Ne2 Nc4 36. Bxa7 Nxb2 37. Qd4 Bxd4 38. Bxd4 Na4 39. bxa4 Qxa4 40. Bb2 Ra8 41.
Rcd1 b3 42. Nd4 bxc2+ 43. Nxc2 Bf5 44. Rd2 Qb3 45. Be4 Ra2 46. Nd4 Bxe4+ 47.
Rxe4 Rxb2+ 48. Rxb2 Qd3+ 49. Nc2 Qxe4 50. Rb8+ Kg7 51. d6 Qe5 52. Rb6 Nf8 0-1

[Event "Championnat de France des Jeunes - Benja"]
[Site "AIX LES BAINS "]
[Date "2009.04.25"]
[Round "8.2"]
[White "Moussard, Jules"]
[Black "Neri, Jean-Baptiste"]
[Result "1-0"]
[WhiteElo "2276"]
[BlackElo "2009"]
[PlyCount "67"]
[EventDate "2009.??.??"]

1. Nf3 Nf6 2. g3 b6 3. Bg2 Bb7 4. O-O c5 5. b3 e6 6. Bb2 Be7 7. d3 O-O 8. e4 d6
9. Nc3 a6 10. a4 Qc7 11. Qe2 Nc6 12. h3 Nd7 13. Nd1 Bf6 14. c3 d5 15. Ne3 Ne7
16. Ng4 dxe4 17. dxe4 Ng6 18. h4 Nge5 19. Nxf6+ Nxf6 20. Nxe5 Qxe5 21. c4 Qc7
22. h5 e5 23. h6 g6 24. f4 Nd7 25. fxe5 Nxe5 26. Rf6 Bc8 27. Raf1 Be6 28. Ba1
Nc6 29. Qf2 Rad8 30. Qf4 Qd7 31. Kh2 a5 32. Qg5 Nd4 33. Qe5 Qd6 34. Rxg6+ 1-0

[Event "Championnat de France des Jeunes - Benja"]
[Site "AIX LES BAINS "]
[Date "2009.04.25"]
[Round "8.3"]
[White "Rouffignac, Tanguy"]
[Black "Giroyan, Gary"]
[Result "0-1"]
[WhiteElo "1671"]
[BlackElo "2168"]
[PlyCount "54"]
[EventDate "2009.??.??"]

1. e4 c5 2. Nf3 Nc6 3. Nc3 e6 4. d4 cxd4 5. Nxd4 Qb6 6. Nb3 Nf6 7. Be3 Qc7 8.
f3 a6 9. Be2 b5 10. Qd2 d6 11. O-O Be7 12. Kh1 O-O 13. Rad1 Bb7 14. Bf4 Ne5 15.
a3 Rab8 16. Bg3 Ba8 17. Nd4 Nc4 18. Bxc4 bxc4 19. b4 cxb3 20. Nxb3 Rfc8 21. Be1
Nd7 22. f4 Nb6 23. e5 Nc4 24. exd6 Bxd6 25. Qd3 Bxf4 26. Rxf4 Qxf4 27. Bg3 Qg4
0-1

[Event "Championnat de France des Jeunes - Benja"]
[Site "AIX LES BAINS "]
[Date "2009.04.25"]
[Round "8.4"]
[White "Loiseau, Quentin"]
[Black "Bach, Anatole"]
[Result "1-0"]
[WhiteElo "2076"]
[BlackElo "1845"]
[PlyCount "55"]
[EventDate "2009.??.??"]

1. Nf3 f5 2. g3 Nf6 3. Bg2 g6 4. O-O Bg7 5. d4 d6 6. Nbd2 O-O 7. Re1 Nbd7 8. e4
fxe4 9. Nxe4 Nxe4 10. Rxe4 e5 11. Bg5 Bf6 12. Bh6 Re8 13. dxe5 Nxe5 14. Nxe5
Bxe5 15. f4 Bf6 16. Qd5+ Kh8 17. Rae1 Rxe4 18. Rxe4 Bf5 19. Re2 Bxb2 20. Qf7
Bd4+ 21. Kh1 Qg8 22. Qe7 Qxa2 23. c3 Qb1+ 24. Re1 Bxc3 25. Rxb1 Bxb1 26. h4 a5
27. Bxb7 Rb8 28. Qxc7 1-0